WRITING VOYAGE , AN INTEGRATED PROCESS OPPROACH TO BASIC WRITING (Record no. 573649)
[ view plain ]
| 000 -LEADER | |
|---|---|
| fixed length control field | 00391nam a22001337a 4500 |
| 020 ## - INTERNATIONAL STANDARD BOOK NUMBER | |
| International Standard Book Number | 0-534-08502-4 |
| 082 ## - DEWEY DECIMAL CLASSIFICATION NUMBER | |
| Classification number | 808.042 TYN'W |
| 100 ## - MAIN ENTRY--PERSONAL NAME | |
| Personal name | TYNER, T. E |
| 9 (RLIN) | 65440 |
| 245 ## - TITLE STATEMENT | |
| Title | WRITING VOYAGE , AN INTEGRATED PROCESS OPPROACH TO BASIC WRITING |
| 260 ## - PUBLICATION, DISTRIBUTION, ETC. | |
| Place of publication, distribution, etc. | CALIFORNIA |
| Name of publisher, distributor, etc. | WADSWORTH |
| Date of publication, distribution, etc. | 1988 |
| 300 ## - PHYSICAL DESCRIPTION | |
| Extent | 312P |
| 650 ## - SUBJECT ADDED ENTRY--TOPICAL TERM | |
| Topical term or geographic name entry element | ENGLISH LANGUAGE RHETORIC ENGLISH LANGUAGE GRAMMER |
| 9 (RLIN) | 65441 |
| 942 ## - ADDED ENTRY ELEMENTS (KOHA) | |
| Koha item type | Book |
| Withdrawn status | Lost status | Source of classification or shelving scheme | Damaged status | Not for loan | Permanent Location | Current Location | Shelving location | Date acquired | Shelving control number | Full call number | Barcode | Date last seen | Price effective from | Koha item type | Public note |
|---|---|---|---|---|---|---|---|---|---|---|---|---|---|---|---|
| College of Electrical & Mechanical Engineering (CEME) | College of Electrical & Mechanical Engineering (CEME) | Fiction | 07/27/2017 | Urdu Literature | 808.042 TYN'W | CEME-25895 | 06/28/2021 | 06/28/2021 | Book | CART-4 |
